Statistiques concernant Culture Générale - Série 1110

Cliquez ici pour prendre le quiz!

Statistiques générales

  • Ce quiz a été pris 45 fois
  • Le résultat moyen est 8 sur 10

Statistiques - réponses

Question Réponse % Correct
Sur quel continent se situe l'Arménie ?Asie
100%
Quel département et région français d'outre-mer se situe sur le continent sud-américain ?Guyane
98%
Quel célèbre footballeur est surnommé "Zizou" ?Zinédine Zidane
98%
D'après le proverbe, qu'est-ce qui "n'a pas d'odeur" ?L'argent
90%
Dans quel sport automobile l'australien Jack Brabham a-t-il été sacré triple champion du monde ?Formule 1
86%
Dans la mythologie grecque, quel fils de Dédale s'évade du Labyrinthe grâce à des ailes fixées sur son dos ?Icare
86%
Dans quel pays actuel a-t-on localisé les ruines de la cité antique de Troie ?Turquie
79%
En 1952, quel futur président des États-Unis a épousé l'actrice Nancy Davis ?Ronald Reagan
69%
Quelle est la plus ancienne université des États-Unis ?Harvard
55%
Dans l'alphabet phonétique de l'OTAN, quel mot désigne la lettre "P" ?Papa
50%

Distribution des résultats

Percentile par nombre de réponses

% des personnes avec chaque résultat

Votre développement - résultats

Vous n’avez pas pris ce quiz